Large States Bordering Small States - Statistics

General Stats
  • This quiz has been taken 46,196 times
    46,083 since last reset
  • The average score is 11 of 14
Answer Stats
Answer % Correct
New York
95%
Texas
92%
Rhode Island
88%
Connecticut
83%
Massachusetts
82%
Pennsylvania
82%
Vermont
82%
Delaware
81%
Maryland
81%
New Jersey
81%
Oklahoma
78%
Virginia
76%
Louisiana
74%
Arkansas
68%
No matching quizzes found
Score Distribution
Percent of People with Each Score
Percentile by Number Answered
Your Score History
You have not taken this quiz since the last reset